Cristobal Colón y las Siete Ciudades / (Record no. 169332)
[ view plain ]
| 000 -LEADER | |
|---|---|
| campo de control de longitud fija | 00713nam a22001935i 4500 |
| 001 - NÚMERO DE CONTROL | |
| campo de control | 169332 |
| 003 - IDENTIFICADOR DE NÚMERO DE CONTROL | |
| campo de control | ES-MaACL |
| 005 - FECHA Y HORA DE LA ÚLTIMA TRANSACCIÓN | |
| campo de control | 20231216062911.0 |
| 008 - DATOS DE LONGITUD FIJA--INFORMACIÓN GENERAL | |
| campo de control de longitud fija | 080901s1989 po |||| | spa d |
| 080 ## - NÚMERO DE LA CLASIFICACIÓN DECIMAL UNIVERSAL | |
| Número de la Clasificación Decimal Universal | 910.4(7/8) |
| 100 1# - ENTRADA PRINCIPAL--NOMBRE DE PERSONA | |
| Nombre de persona | Pérez de Tudela y Bueso, Juan, |
| Fechas asociadas al nombre | 1922-2004 |
| 9 (RLIN) | 90810 |
| 245 10 - MENCIÓN DEL TÍTULO | |
| Título | Cristobal Colón y las Siete Ciudades / |
| Mención de responsabilidad, etc. | Juan Pérez de Tudela y Bueso. |
| 260 ## - PUBLICACIÓN, DISTRIBUCIÓN, ETC. | |
| Lugar de publicación, distribución, etc. | Porto : |
| Nombre del editor, distribuidor, etc. | Universidade do Porto, |
| Fecha de publicación, distribución, etc. | 1989. |
| 300 ## - DESCRIPCIÓN FÍSICA | |
| Extensión | P. [161]-187 ; |
| Dimensiones | 25 cm. |
| 595 ## - | |
| -- | Separata de: Congresso Internacional Bartolomeu Dias e a sua época, Actas, vol. II. |
| 651 #4 - PUNTO DE ACCESO ADICIONAL DE MATERIA--NOMBRE GEOGRÁFICO | |
| Nombre geográfico | América- |
| Subdivisión general | Descubrimientos y exploraciones. |
| 9 (RLIN) | 7694 |
| 852 ## - LOCALIZACIÓN | |
| Ubicación | ES-MaACL |
| Número de control de estantería | 2233-F-26 |
| itemnumber | R.142406 |
| Estatus retirado | Estado de pérdida | Estado de daño | No para préstamo | Colección | Biblioteca de origen | Biblioteca actual | Ubicación en estantería | Fecha de adquisición | Fuente de adquisición | Total de préstamos | Signatura topográfica completa | Código de barras | Visto por última vez | Precio de reemplazo | Tipo de ítem Koha |
|---|---|---|---|---|---|---|---|---|---|---|---|---|---|---|---|
| Colección de folletos | Biblioteca del Ateneo de Madrid | Biblioteca del Ateneo de Madrid | Depósito folletos | 01/09/2008 | 2233-F-26 | 1177774 | 23/02/2023 | 23/02/2023 | Folleto |
